Sociología del riesgo / (Record no. 205911)

MARC details
000 -CABECERA
campo de control de longitud fija 00665nam a2200217 a 4500
005 - FECHA Y HORA DE LA ÚLTIMA TRANSACCIÓN
campo de control 20220517155639.0
008 - ELEMENTOS DE LONGITUD FIJA--INFORMACIÓN GENERAL
campo de control de longitud fija 191031s1992 mx fr 000 0 spa d
020 ## - NÚMERO INTERNACIONAL NORMALIZADO PARA LIBROS
Número Internacional Estándar del Libro 9688953911
035 ## - NÚMERO DE CONTROL DEL SISTEMA
Número de control de sistema UPN01000233816
040 ## - FUENTE DE LA CATALOGACIÓN
Centro catalogador/agencia de origen MX-MxUPN
Lengua de catalogación spa
Centro/agencia transcriptor MX-MxUPN
050 14 - SIGNATURA TOPOGRÁFICA DE LA BIBLIOTECA DEL CONGRESO
Número de clasificación HM1101
Número de documento/Ítem L8.7
100 1# - ASIENTO PRINCIPAL--NOMBRE PERSONAL
Nombre de persona Luhmann, Niklas,
Fechas asociadas al nombre 1927-1998
9 (RLIN) 31939
245 10 - MENCIÓN DE TÍTULO
Título Sociología del riesgo /
Mención de responsabilidad, etc. Niklas Luhmann.
260 ## - PUBLICACIÓN, DISTRIBUCIÓN, ETC.
Lugar de publicación, distribución, etc. México :
Nombre del editor, distribuidor, etc. Universidad Iberoamericana :
-- Universidad de Guadalajara,
Fecha de publicación, distribución, etc. 1992.
300 ## - DESCRIPCIÓN FÍSICA
Extensión 285 páginas
490 ## - MENCIÓN DE SERIE
Mención de serie Laberinto de cristal
650 #2 - ASIENTO SECUNDARIO DE MATERIA - TERMINO TEMATICO
9 (RLIN) 14370
Término de materia o nombre geográfico como elemento de entrada Riesgo
Subdivisión general Aspectos sociológicos
905 ## - TIPO DE MATERIAL
Tipo de material Libro
942 ## - ELEMENTOS DE PUNTO DE ACCESO ADICIONAL (KOHA)
Fuente del sistema de clasificación o colocación Library of Congress Classification
Tipo de ítem Koha Libro
Holdings
Estado de retiro Estado de pérdida Fuente del sistema de clasificación o colocación Estado dañado No para préstamo Código de colección Localización permanente Ubicación/localización actual Ubicación en estantería Fecha de adquisición Clasificación Código de barras Fecha visto por última vez Tipo de ítem Koha
    Library of Congress Classification     Colección General Bib. Gregorio Torres Quintero Bib. Gregorio Torres Quintero Planta baja 17/05/2022 HM1101 L8.7 333467 31/12/2020 Libro